000 00729nam a2200193 4500
001 111962
003 ES-MaACL
005 20230906185407.0
007 t|
008 061121s1964 sp r ||||1| spa d
100 1 _aOrozco, Fernando.
_987330
245 1 0 _aEstudio sobre las posibilidades de mercado de la producción de huevos /
_cautores Fernando Orozco, Francisco Sobrino, Antonio Paz.
260 _aMadrid :
_bServicio de Estudios del Banco Urquijo. Comisión de Estudios Agrarios,
_c1964.
300 _a68 p. :
_bil. ;
_c25 cm.
700 1 _aSobrino, Francisco.
_9107002
700 1 _aPaz, Antonio.
_989745
710 2 _aBanco Urquijo.
_bComisión de Estudios Agrarios.
_9165692
852 _aES-MaACL
_jC-24770
_bR.53633
999 _c111962
_d111962